000 00385 a2200157 4500
001 75158
020 _a9788575295762
040 _cAnchieta - Colégio São Paulo
100 _aNogueira, Flávio Stambowsky
240 1 0 _aUm narizinho no fundo do mar
_lpor
245 1 0 _aUm narizinho no fundo do mar
300 _a32
362 0 _a2013
650 4 _aLiteratura infantil
942 _cBK
999 _c75158
_d75158